000 00894nam a2200217 i 4500
001 75107
003 ES-MaACL
005 20251003200309.0
007 t|
008 040922s1969 sp ||||1| spa d
100 1 _aGoode, Helen Dill.
_959097
245 1 3 _aLa prosa retórica de Fray Luis de León en "Los nombres de Cristo"
_b: aportación al estudio de un estilista del Renacimiento español /
_cHelen Dill Goode ; [versión, José Guillén].
260 _aMadrid :
_bGredos,
_c[1969]
300 _a186 p. ;
_c20 cm.
490 1 _aBiblioteca Románica Hispánica. II. Estudios y Ensayos ;
_v125
600 1 4 _aLeón, Luis de,
_d1527-1591-
_xCrítica e interpretación
_971582
700 1 _aGuillén, José,
_d1913-
_960769
830 0 _aBiblioteca Románica Hispánica. II. Estudios y Ensayos ;
_v125
_9178108
852 _aES-MaACL
_jC-35454
_bR.68833
999 _c75107
_d75107